Language Quiz

Random Language or Spanish Quiz

Spanish 2 quiz vocab crap Stats

 Plays Quiz not verified by Sporcle

Challenge
Share
Tweet
Embed
Score 0/41 Timer 20:00
0 Plays Today
Hint Answer % Correct
mapel mapa
71.4%
to take a triphacer un viaje
57.1%
countryel pais
57.1%
a vacationuna vacacion
57.1%
airportel aeropuerto
57.1%
airplaneel avion
57.1%
passportel pasaporte
42.9%
gatela puerta
42.9%
luggageel equipaje
42.9%
busel autobus
42.9%
canoela canoa
42.9%
trainel tren
42.9%
walletla billetera
28.6%
travel bag, pursela bolsa
28.6%
bill, moneyel billete
28.6%
free of chargegratis
28.6%
in cashen efectivo
28.6%
waiting roomla sala de espera
28.6%
ticket, entry feela entrada
14.3%
plane ticketel boleto de avion
14.3%
tourismel turismo
14.3%
Hint Answer % Correct
with a credit cardcon tarjeta de credito
14.3%
receptionistel (la) recepcionista
14.3%
taxi driverel (la) taxista
14.3%
the touristel (la) turista
14.3%
agentel (la) agente
14.3%
arrivalla llegada
14.3%
flightel vuelo
14.3%
departurela salida
14.3%
customsla aduana
14.3%
suitcasela maleta
14.3%
baggage claimel reclamo de equipaje
14.3%
boatel barco
14.3%
motorboatla lancha
14.3%
boarding passla tarjeta de embarque
0%
guide bookla guia turistica
0%
city mapel plano de la ciudad
0%
with traveler's checkscon cheques de viajero
0%
passengerel (la) pasajero(a)
0%
security checkpointel control de seguridad
0%
restroomslos servicios
0%

You're not logged in!

Compare scores with friends on all Sporcle quizzes.
Join for Free
OR
Log In

You Might Also Like...

Show Comments

Extras

Created Apr 17, 2014ReportNominate
Tags:Spanish Quiz, crap

Top Quizzes Today


Score Distribution

Your Account Isn't Verified!

In order to create a playlist on Sporcle, you need to verify the email address you used during registration. Go to your Sporcle Settings to finish the process.

Report this User

Report this user for behavior that violates our Community Guidelines.

Details: